[Event "Let's Play Chess!"]
[Site "http://www.queenalice.com/game.php?id=1478696"]
[Date "2017.5.19"]
[Round "-"]
[White "Andrei_78"]
[Black "carlosufpe"]
[Result "1-0"]
[WhiteElo "1602"]
[BlackElo "1662"]

1. e4 d6 2. Bc4 Nf6 3. d3 e5 4. h3 Be7 5. Qf3 O-O 6. Ne2 a6 7. O-O b5 8. Bb3 Bb7
9. Ng3 a5 10. a3 a4 11. Ba2 c5 12. Bg5 Ne8 13. Bxe7 Qxe7 14. Nf5 Qc7 15. Nc3 Ba6
16. Qg3 Nf6 17. Ne2 Bb7 18. Qxg7# 1-0

[Event "Let's Play Chess!"]
[Site "http://www.queenalice.com/game.php?id=1478905"]
[Date "2017.5.21"]
[Round "-"]
[White "Rider"]
[Black "carlosufpe"]
[Result "1-0"]
[WhiteElo "1640"]
[BlackElo "1638"]

1. c4 d6 2. d4 Nf6 3. d5 e5 4. Qd3 Be7 5. Bg5 O-O 6. Nc3 Nbd7 7. e4 c6 8. h3 Nh5
9. Bxe7 Qxe7 10. Be2 Nf4 11. Qf3 cxd5 12. cxd5 Nxe2 13. Ngxe2 Nf6 14. O-O b6 15.
Nb5 Qd7 16. a4 Bb7 17. b3 Ba6 18. Rac1 Bxb5 19. axb5 Qxb5 20. g4 Qb4 21. Ng3 h6
22. h4 Nh7 23. h5 Ng5 24. Qe3 a5 25. Rb1 Rfc8 26. Ne2 Qxe4 27. Qxe4 Nxe4 28. Rb2
Nc3 29. Ng3 Nxd5 30. Rd1 Rc5 31. Nf5 Rd8 32. Rxd5 Kf8 33. Rxd6 Rxd6 34. Nxd6 f6
35. f3 Ke7 36. Nf5+ Kf7 37. b4 axb4 38. Rxb4 Rc3 39. Kg2 Rc2+ 40. Kg3 Rc6 41.
Ne3 g6 42. hxg6+ Kxg6 43. Kh4 Rd6 44. Nf5 Re6 45. Re4 b5 46. Ne3 Rb6 47. Nd5 Rb8
48. Rb4 Rb7 49. f4 exf4 50. Nxf4+ Kf7 51. Kh5 Kg7 52. Ne6+ Kh7 53. Nd4 Re7 54.
Nxb5 Rb7 55. Rb3 Kg7 56. Nd4 1-0

[Event "Let's Play Chess!"]
[Site "http://www.queenalice.com/game.php?id=1479972"]
[Date "2017.5.29"]
[Round "-"]
[White "carlosufpe"]
[Black "ulisses34"]
[Result "1-0"]
[WhiteElo "1617"]
[BlackElo "1751"]

1. d4 d5 2. e3 Bd7 3. Nf3 e6 4. Be2 Be7 5. O-O Nf6 6. a3 Ne4 7. c4 dxc4 8. Bxc4
a6 9. d5 exd5 10. Bxd5 Bc6 11. Bxe4 Qxd1 12. Rxd1 Bxe4 13. Nbd2 Bc6 14. b4 Bb5
15. Nd4 Bd7 16. N2f3 Nc6 17. Nxc6 Bxc6 18. Nd4 Ba4 19. Re1 Rd8 20. Bb2 O-O 21.
Nf5 Bf6 22. Bxf6 gxf6 23. f3 Rfe8 24. e4 Rd3 25. h3 Bd7 26. Red1 Rxd1+ 27. Rxd1
Be6 28. Rd3 b6 29. Rc3 Bxf5 30. exf5 Re7 31. Kf2 Kg7 32. g4 Kh6 33. Rc6 Kg5 34.
Kg3 h5 35. h4+ Kh6 36. Rxf6+ Kg7 37. Rc6 hxg4 38. Kxg4 f6 39. a4 Rf7 40. a5 1-0

[Event "Let's Play Chess!"]
[Site "http://www.queenalice.com/game.php?id=1480185"]
[Date "2017.5.30"]
[Round "-"]
[White "carlosufpe"]
[Black "ulisses34"]
[Result "0-1"]
[WhiteElo "1644"]
[BlackElo "1740"]

1. d4 d5 2. e3 e6 3. Nf3 Nc6 4. a3 Nf6 5. Bb5 Bd7 6. O-O Ne4 7. c3 Be7 8. Bxc6
Bxc6 9. Qc2 Ng5 10. Nbd2 Bb5 11. Re1 c5 12. dxc5 Bxc5 13. b4 Be7 14. Nxg5 Bxg5
15. Nf3 Bf6 16. Bb2 Rc8 17. a4 Bc6 18. Rec1 d4 19. Ne5 Bxe5 20. exd4 Bf4 21. Rd1
Bd5 22. g3 Qg5 23. Bc1 Bxc1 24. Raxc1 Qg4 25. f4 Qf3 26. Rd2 Qh1+ 0-1

[Event "Challenge"]
[Site "http://www.queenalice.com/game.php?id=1480613"]
[Date "2017.6.1"]
[Round "-"]
[White "PatricioKM"]
[Black "carlosufpe"]
[Result "0-1"]
[WhiteElo "1732"]
[BlackElo "1622"]

1. e4 d6 2. d4 e6 3. Nf3 c6 4. Nc3 Be7 5. Bf4 Nd7 6. d5 exd5 7. exd5 cxd5 8.
Nxd5 Ngf6 9. Bb5 O-O 10. O-O Nxd5 11. Qxd5 Nf6 12. Qd3 Qb6 13. Be3 Qc7 14. Nd4
a6 15. Ba4 d5 16. Nf3 Bc5 17. Bxc5 Qxc5 18. c3 b5 19. Bc2 g6 20. b4 Qc4 21. Ne5
Qxd3 22. Bxd3 Nd7 23. Rae1 Nxe5 24. Rxe5 Be6 25. a3 Rfc8 26. Rc1 Kg7 27. Rg5 Rc7
28. Rg3 Rac8 29. Be2 d4 30. h3 Rxc3 31. Rd1 Rxg3 32. fxg3 Rc2 33. Bf1 Ra2 34.
Rxd4 Rxa3 35. g4 h6 36. Be2 Kf6 37. h4 Rb3 38. h5 g5 39. Rd8 Rxb4 40. Ra8 Bc4
41. Bf3 Ra4 42. Rh8 Kg7 43. Re8 a5 44. Bc6 Rb4 45. Ra8 a4 46. Kf2 Bd3 47. Ke3
Rb3 48. Kd2 Bc4 49. Rxa4 bxa4 0-1

[Event "Let's Play Chess!"]
[Site "http://www.queenalice.com/game.php?id=1482226"]
[Date "2017.6.14"]
[Round "-"]
[White "carlosufpe"]
[Black "Rider"]
[Result "1-0"]
[WhiteElo "1642"]
[BlackElo "1641"]

1. d4 d5 2. e3 c6 3. Nf3 Bg4 4. Nbd2 g6 5. c3 Qb6 6. b4 h5 7. Be2 Nd7 8. a4 f6
9. Nh4 Bxe2 10. Qxe2 g5 11. Ng6 Rh6 12. Nxf8 Nxf8 13. Bb2 Ne6 14. O-O g4 15. g3
f5 16. f3 Ng7 17. fxg4 hxg4 18. Nb3 a6 19. Kg2 Qc7 20. c4 Nf6 21. cxd5 Nxd5 22.
Nc5 Qb6 23. Qd2 Nxb4 24. Ba3 Nd5 25. e4 fxe4 26. Qxh6 O-O-O 27. Qxg7 Ne3+ 28.
Kg1 Nxf1 29. Kxf1 Re8 30. Nxe4 a5 31. Bc5 Qd8 32. Qxg4+ e6 33. Nd6+ Kb8 34. Nxe8
Qxe8 35. Qf4+ Ka8 36. Qc7 Qh8 37. Qxa5+ Kb8 38. Bd6+ 1-0

[Event "Let's Play Chess!"]
[Site "http://www.queenalice.com/game.php?id=1482229"]
[Date "2017.6.14"]
[Round "-"]
[White "Rider"]
[Black "carlosufpe"]
[Result "0-1"]
[WhiteElo "1554"]
[BlackElo "1658"]

1. Nc3 d6 2. d4 Nf6 3. Nf3 e6 4. e4 Be7 5. Bf4 O-O 6. Qd2 Nbd7 7. Bb5 c6 8. Be2
a5 9. e5 dxe5 10. dxe5 Nd5 11. Nxd5 cxd5 12. O-O b6 13. Nd4 Bc5 14. Nc6 Qc7 15.
Ne7+ Kh8 16. Nxc8 Raxc8 17. Qc3 Qb7 18. Qd2 Qc7 19. Bb5 Bb4 20. c3 Be7 21. a4
Nc5 22. b4 axb4 23. Rab1 Ne4 24. Qe3 Qxc3 25. Qxb6 b3 26. Bd7 Rb8 27. Qa6 Bg5
28. Bxg5 Nxg5 29. Rfc1 Qxe5 30. Qd3 b2 31. h3 bxc1=Q+ 32. Rxc1 Ne4 33. Re1 Qc3
34. Qxc3 Nxc3 35. a5 Rb1 36. Rxb1 Nxb1 37. a6 Ra8 38. Bb5 g5 39. Kh2 Kg7 40. Kg3
h5 41. h4 g4 42. Kf4 Nc3 43. Bd3 Ne4 44. f3 gxf3 45. gxf3 Nc5 46. Bb5 Nxa6 47.
Bc6 Ra7 48. Kg5 Nb4 49. Bb5 d4 50. Kxh5 Ra5 51. f4 Rxb5+ 52. Kg4 d3 53. Kf3 Rd5
54. Ke3 Kg6 55. Kd2 Rd4 56. Ke3 Rd8 57. Kd2 Kh5 58. Kc3 Nc6 59. Kd2 Ne7 60. Kd1
Kxh4 61. f5 Nxf5 62. Ke1 d2+ 63. Kd1 Kg3 64. Kc2 d1=Q+ 65. Kb2 Qd2+ 66. Kb3 Rd3+
67. Kc4 Qc2+ 68. Kb4 Rb3+ 69. Ka4 Qa2# 0-1

[Event "Let's Play Chess!"]
[Site "http://www.queenalice.com/game.php?id=1485439"]
[Date "2017.7.10"]
[Round "-"]
[White "Andrei_78"]
[Black "carlosufpe"]
[Result "0-1"]
[WhiteElo "1537"]
[BlackElo "1682"]

1. e4 d6 2. h3 e5 3. Nf3 Nf6 4. d3 Be7 5. Bg5 Nbd7 6. Be2 Ng8 7. Bxe7 Nxe7 8.
O-O O-O 9. a3 h6 10. Qd2 Nc6 11. c3 Na5 12. Bd1 Nc6 13. Nh2 Nf6 14. Ba4 Ne7 15.
Qe3 c6 16. Nd2 b5 17. Bb3 a5 18. Ndf3 a4 19. Ba2 Ba6 20. d4 exd4 21. Nxd4 c5 22.
Ndf3 b4 23. Bb1 Bxf1 24. Nxf1 bxc3 25. Qxc3 Ng6 26. Bd3 Nf4 27. Ne3 Nxd3 0-1

[Event "Let's Play Chess!"]
[Site "http://www.queenalice.com/game.php?id=1486700"]
[Date "2017.7.19"]
[Round "-"]
[White "Rider"]
[Black "carlosufpe"]
[Result "0-1"]
[WhiteElo "1619"]
[BlackElo "1692"]

1. e4 d6 2. d4 e6 3. c3 c6 4. Nf3 Nd7 5. Bc4 d5 6. exd5 cxd5 7. Bb5 Nf6 8. Ne5
Be7 9. Bg5 O-O 10. Bxd7 Nxd7 11. Bxe7 Qxe7 12. O-O Nxe5 13. dxe5 b6 14. f4 Bb7
15. Na3 Ba6 16. Rf2 Rac8 17. h3 f6 18. exf6 Rxf6 19. Qe1 Qc5 20. Kh1 Rcf8 21. g3
Bb7 22. Rc1 d4+ 23. Kh2 dxc3 24. Rxc3 Qe7 25. Nb5 a6 26. Nd4 Bd5 27. a3 b5 28.
Nf5 Rxf5 29. Re3 Qd6 30. h4 Qc5 31. Rc3 Qd6 32. Rd3 Qb6 33. g4 Rxf4 34. Rxf4
Rxf4 35. Kg3 Qd6 36. Kh3 Rf3+ 37. Rxf3 Bxf3 38. Qf2 Qd3 39. g5 Bc6+ 40. Kg4 g6
41. Kf4 Qf5+ 42. Kg3 Qxf2+ 43. Kxf2 Kg7 44. Ke3 h5 45. Kd4 Kf7 46. Kc5 Bd5 47.
Kb6 e5 48. Kxa6 Bc4 49. b3 Bf1 50. b4 e4 51. Kb6 e3 52. Kc5 Bc4 53. Kd4 e2 54.
Kc5 e1=Q 55. Kb6 Qxh4 56. Ka5 Qxg5 57. a4 h4 58. Kb6 bxa4 59. Kc6 Qb5+ 60. Kc7
h3 61. Kd6 Qxb4+ 62. Kc6 h2 63. Kc7 h1=Q 64. Kd7 Qhb7+ 65. Kd8 Q4e7# 0-1

[Event "Let's Play Chess!"]
[Site "http://www.queenalice.com/game.php?id=1486702"]
[Date "2017.7.19"]
[Round "-"]
[White "carlosufpe"]
[Black "Rider"]
[Result "1-0"]
[WhiteElo "1670"]
[BlackElo "1562"]

1. d4 d5 2. Nf3 c6 3. e3 Bf5 4. Bd3 Bg4 5. Nbd2 Bxf3 6. Nxf3 e6 7. O-O Nd7 8. b3
Bb4 9. Bb2 Qb6 10. c3 Bd6 11. Qc2 O-O-O 12. c4 Kb8 13. c5 Bxh2+ 14. Nxh2 Qc7 15.
e4 Nh6 16. e5 g6 17. a4 f5 18. exf6 Nxf6 19. b4 Nf5 20. Bxf5 exf5 21. Bc1 h6 22.
Qd3 h5 23. Bg5 Rhf8 24. Nf3 Rde8 25. g3 Ng4 26. b5 cxb5 27. axb5 b6 28. Bf4 Rf7
29. Bxc7+ Rxc7 30. c6 Kc8 31. Rfe1 Rd8 32. Ng5 Rh8 33. f4 Kd8 34. Ne6+ Kc8 35.
Nxc7 Kxc7 36. Rxa7+ Kd6 37. Rd7# 1-0

[Event "Challenge"]
[Site "http://www.queenalice.com/game.php?id=1492387"]
[Date "2017.8.31"]
[Round "-"]
[White "zmanomega"]
[Black "carlosufpe"]
[Result "0-1"]
[WhiteElo "1741"]
[BlackElo "1680"]

1. e4 d6 2. f4 Nf6 3. d3 c5 4. Nf3 e6 5. f5 exf5 6. Qe2 fxe4 7. dxe4 Be7 8. Bg5
Ng4 9. Bf4 O-O 10. Nc3 Bf6 11. h3 Bxc3+ 12. bxc3 Nf6 13. Bg5 Nbd7 14. Bh4 Qa5
15. Qd3 Qa4 16. Ng5 h6 17. Nf3 Qxe4+ 18. Qxe4 Nxe4 19. c4 Ne5 20. Nxe5 dxe5 21.
a4 Be6 22. Ra3 Nd6 23. g4 Bxc4 24. Be7 Rfe8 25. Bxd6 Bxf1 26. Rxf1 b6 27. Re3
Rad8 28. Rxe5 Rxe5+ 29. Bxe5 Re8 30. Kd2 Rxe5 31. Rf3 Rd5+ 32. Kc1 f6 33. Re3
Rd4 34. Ra3 g5 35. c3 Rd3 36. Kb2 Rxh3 37. Kb3 Rg3 0-1

[Event "Challenge"]
[Site "http://www.queenalice.com/game.php?id=1494368"]
[Date "2017.9.13"]
[Round "-"]
[White "WLAO"]
[Black "carlosufpe"]
[Result "1-0"]
[WhiteElo "1704"]
[BlackElo "1706"]

1. d4 d6 2. d5 Nf6 3. c4 e5 4. Bg5 Nbd7 5. Qa4 Be7 6. e3 b6 7. Nf3 O-O 8. Nbd2
Bb7 9. e4 Nc5 10. Qc2 Nfd7 11. Bxe7 Qxe7 12. b4 Na6 13. a3 Nab8 14. g3 c6 15.
dxc6 Bxc6 16. b5 Bb7 17. Bg2 Nc5 18. O-O Ncd7 19. a4 Nc5 20. Nh4 Nbd7 21. Ndf3
Bxe4 22. Qc3 Rac8 23. Rfd1 Bxf3 24. Qxf3 a6 25. a5 axb5 26. a6 Ra8 27. Nf5 Qe6
28. Qg4 g6 29. Nh6+ Kg7 30. Qg5 Rxa6 31. cxb5 Rxa1 32. Rxa1 Qf6 33. Qh4 Qxh4 34.
gxh4 Kxh6 35. Rd1 Nb3 36. Rxd6 Ndc5 37. Rxb6 Re8 38. Bc6 Re7 39. h5 Kxh5 40. Rb8
Nd4 41. Bd5 Nde6 42. b6 Rd7 43. Bf3+ Kh6 44. Bc6 Rd1+ 45. Kg2 Nf4+ 46. Kf3 Kg5
47. h4+ Kxh4 48. Bb5 Ncd3 49. Rd8 Nxf2 50. Rxd1 Nxd1 51. b7 f5 52. b8=Q Nh5 53.
Qd8+ Kh3 54. Qxd1 Kh4 55. Be2 Nf4 56. Qh1+ Kg5 57. Qg1+ Kf6 58. Bc4 h5 59. Qb6+
Kg5 60. Qb3 e4+ 61. Kf2 h4 62. Bf1 Kh6 63. Qe3 Kg5 64. Bh3 1-0

[Event "Let's Play !"]
[Site "http://www.queenalice.com/game.php?id=1509492"]
[Date "2018.1.9"]
[Round "-"]
[White "Rider"]
[Black "carlosufpe"]
[Result "0-1"]
[WhiteElo "1625"]
[BlackElo "1655"]

1. c4 d6 2. d4 Nf6 3. e3 e6 4. Nc3 Be7 5. Qf3 O-O 6. d5 exd5 7. cxd5 Nbd7 8. Bd2
c5 9. Bd3 Ne5 10. Qe2 a6 11. Bc2 b5 12. e4 b4 13. Na4 Bb7 14. Bf4 Ned7 15. a3
Nb6 16. Nxb6 Qxb6 17. a4 a5 18. Qb5 Qxb5 19. axb5 Bc8 20. Ba4 Nxe4 21. Be3 Bf6
22. O-O-O Bg5 23. Nh3 Bxh3 24. gxh3 Bxe3+ 25. fxe3 Nf2 26. Rhf1 Nxd1 27. Kxd1
Rfe8 28. Kd2 Re4 29. Kd3 Rh4 30. Rf3 Rb8 31. Ke2 Rb6 32. Kf2 b3 33. Rf4 Rxh3 34.
Re4 g6 35. Kg2 Rh5 36. h4 Rxd5 37. Bxb3 Rd2+ 38. Kf3 Rxb2 39. Bc4 a4 40. Be2 a3
41. Ra4 a2 42. Bd3 Rb3 43. Ke2 Rb2+ 44. Kf3 h5 45. Bc4 Rb4 46. Ra8+ Kg7 47. Be2
Rb2 48. Ra5 Rb7 49. Bc4 Rb4 50. Bd3 Re7 51. Rxa2 Rb3 52. Ke2 c4 53. Bxc4 Rbxe3+
54. Kd2 R3e4 55. Bd3 Rb4 56. Kc3 Rxh4 57. b6 Rb7 58. Ra6 Rh3 59. Kd4 d5 60. Bb5
Rb3 61. Kc5 d4 62. Kc4 Rxb5 63. Kxb5 d3 64. Ra2 Rd7 65. Rd2 h4 66. Kc6 Rd8 67.
Kc7 Rd4 68. b7 Rc4+ 69. Kb8 Rb4 70. Rxd3 g5 71. Rc3 g4 72. Kc7 h3 73. Rg3 Kg6
74. b8=Q Rxb8 75. Kxb8 Kg5 76. Rg1 f5 77. Kc7 f4 78. Kd6 h2 79. Rh1 g3 80. Ke5
Kg4 81. Ke4 f3 82. Ke3 f2 83. Ke2 Kf4 84. Rd1 Kg4 85. Rh1 Kf4 86. Rd1 Kg4 87.
Rh1 Kh3 88. Rd1 Kg2 89. Rf1 h1=Q 90. Rxh1 Kxh1 91. Kf1 Kh2 92. Ke2 Kg1 93. Kf3
g2 94. Kg3 f1=Q 95. Kh3 Kh1 96. Kg3 g1=Q+ 97. Kh4 Qff2+ 98. Kh5 Qfh2# 0-1

[Event "Let's Play !"]
[Site "http://www.queenalice.com/game.php?id=1509498"]
[Date "2018.1.9"]
[Round "-"]
[White "Rider"]
[Black "carlosufpe"]
[Result "1-0"]
[WhiteElo "1614"]
[BlackElo "1692"]

1. e4 d6 2. d4 Nf6 3. Qf3 e6 4. Bb5+ c6 5. Ba4 b5 6. Bb3 d5 7. e5 Nfd7 8. Ne2
Be7 9. O-O O-O 10. Qg3 Re8 11. Bh6 g6 12. c3 Ba6 13. Nf4 b4 14. Rc1 Bf8 15. Bg5
Be7 16. Bxe7 Qxe7 17. a3 bxc3 18. bxc3 c5 19. Nd2 c4 20. Ba4 Rd8 21. Rcb1 Nb6
22. Bc2 N8d7 23. h4 Kh8 24. h5 Kg7 25. hxg6 hxg6 26. Nh5+ Kh6 27. Nf4 Qg5 28.
Qxg5+ Kxg5 29. g3 Rh8 30. Nf3+ Kh6 31. g4 Kg7 32. a4 Nc8 33. g5 Ne7 34. Kg2 Rhb8
35. a5 Rxb1 36. Bxb1 Nf8 37. Bc2 Nc6 38. Ba4 Nxa5 39. Bc2 Nb3 40. Bxb3 cxb3 41.
Nd2 Bc4 42. Rb1 a5 43. Rb2 a4 44. Nb1 a3 45. Nxa3 Rxa3 46. Ne2 Bxe2 47. Rxe2 Ra2
48. Re1 1-0

[Event "Let's Play Chess!"]
[Site "http://www.queenalice.com/game.php?id=1517145"]
[Date "2018.2.24"]
[Round "-"]
[White "Juuca"]
[Black "carlosufpe"]
[Result "1-0"]
[WhiteElo "1800"]
[BlackElo "1690"]

1. e4 d6 2. d4 Nf6 3. Nc3 e6 4. Nf3 Be7 5. Bd3 Nbd7 6. O-O e5 7. h3 exd4 8. Nxd4
O-O 9. Nf5 Ne5 10. Nxe7+ Qxe7 11. f4 Nc6 12. Be3 b6 13. Qf3 Bb7 14. Rae1 1-0

[Event "Let's Play Chess!"]
[Site "http://www.queenalice.com/game.php?id=1517162"]
[Date "2018.2.24"]
[Round "-"]
[White "charles31"]
[Black "carlosufpe"]
[Result "0-1"]
[WhiteElo "1629"]
[BlackElo "1678"]

1. Nc3 d6 2. d4 Nf6 3. h3 e6 4. e4 Nbd7 5. Bg5 Be7 6. Bb5 c6 7. Ba4 a5 8. a3 b5
9. Bb3 a4 10. Ba2 Ng8 11. Bxe7 Qxe7 12. Qf3 d5 13. O-O-O b4 14. Nce2 dxe4 15.
Qxe4 Bb7 16. Qe3 Ndf6 17. Nf3 bxa3 18. bxa3 Nd5 19. Bxd5 cxd5 20. Qc3 Nf6 21.
Kd2 Ne4+ 22. Ke3 Nxc3 23. Nxc3 Qxa3 24. Rd3 Ba6 25. Nb5 Qe7 0-1

[Event "deiana"]
[Site "http://www.queenalice.com/game.php?id=1521046"]
[Date "2018.3.26"]
[Round "-"]
[White "carlosufpe"]
[Black "zubarev"]
[Result "0-1"]
[WhiteElo "1673"]
[BlackElo "1825"]

1. d4 d5 2. e3 Nc6 3. Bb5 Bd7 4. Bxc6 Bxc6 5. Nf3 Nf6 6. O-O e6 7. a3 Bd6 8. b4
Ne4 9. Bb2 O-O 10. Ne5 Bxe5 11. dxe5 Qg5 12. Nd2 f5 13. Nxe4 fxe4 14. Qd4 Be8
15. c4 Bh5 16. cxd5 Bf3 17. g3 Qg4 0-1

[Event "simultanea 1"]
[Site "http://www.queenalice.com/game.php?id=1521049"]
[Date "2018.3.26"]
[Round "-"]
[White "zubarev"]
[Black "carlosufpe"]
[Result "1-0"]
[WhiteElo "1869"]
[BlackElo "1663"]

1. d4 d6 2. e4 Nf6 3. Nc3 c5 4. dxc5 Qa5 5. cxd6 Nxe4 6. Bd2 Nxd6 7. Nf3 Bg4 8.
Be2 a6 9. O-O e6 10. Ne4 Qb6 11. Nxd6+ Bxd6 12. Be3 Qc7 13. Rc1 O-O 14. h3 Bxf3
15. Bxf3 Nd7 16. Be4 Rab8 17. Qd3 g6 18. Rfd1 Nc5 19. Qxd6 Qxd6 20. Rxd6 Nxe4
21. Rd7 Nf6 22. Rc7 Nd5 23. Rd7 Nxe3 24. fxe3 h5 25. Rcd1 Kg7 26. Rc7 b6 27.
Rdd7 a5 28. Rb7 Kf6 29. Rbc7 a4 30. Kf1 b5 31. c3 b4 32. c4 b3 33. a3 Rbc8 34.
Ke2 Kg7 35. Kd3 Rxc7 36. Rxc7 Rd8+ 37. Kc3 Ra8 38. c5 Kf8 39. Kb4 1-0

[Event "Leandro Amaral"]
[Site "http://www.queenalice.com/game.php?id=1522319"]
[Date "2018.4.4"]
[Round "-"]
[White "zubarev"]
[Black "carlosufpe"]
[Result "1/2-1/2"]
[WhiteElo "1846"]
[BlackElo "1670"]

1. e4 d6 2. d4 Nf6 3. Nc3 e6 4. Nf3 Be7 5. Bd3 O-O 6. O-O c6 7. Re1 Nbd7 8. Bg5
Ne8 9. Bxe7 Qxe7 10. e5 dxe5 11. Nxe5 Qd6 12. f4 g6 13. Qf3 Qxd4+ 14. Qe3 Qxe3+
15. Rxe3 Nxe5 16. fxe5 Nc7 17. Rf1 Nd5 18. Nxd5 cxd5 19. c4 dxc4 20. Bxc4 b6 21.
Rd1 Bb7 22. Rd7 Bd5 23. Bxd5 exd5 24. Kf2 Rfd8 25. Rb7 d4 26. Rd3 h5 27. Kf3
Rdb8 28. Rxb8+ Rxb8 29. Rxd4 Kf8 30. Rd7 a5 1/2-1/2

[Event "Baiana Salvador"]
[Site "http://www.queenalice.com/game.php?id=1522320"]
[Date "2018.4.4"]
[Round "-"]
[White "carlosufpe"]
[Black "zubarev"]
[Result "0-1"]
[WhiteElo "1677"]
[BlackElo "1851"]

1. d4 d5 2. e3 e5 3. dxe5 Nc6 4. Bb5 Bd7 5. Bxc6 Bxc6 6. f3 Qg5 7. Qe2 Qxe5 8.
Qd3 O-O-O 9. Nc3 Nf6 10. Nge2 Bb4 11. O-O Rhe8 12. Qd1 Kb8 13. Bd2 Nd7 14. f4
Qe7 15. Nd4 Qd6 16. Nb1 Bxd2 17. Qxd2 Nc5 18. Nxc6+ Qxc6 19. Qc3 a6 20. Qxg7
Rxe3 21. f5 Re2 22. Na3 d4 23. Rfe1 Rde8 24. Rxe2 Rxe2 25. Rf1 Ne4 26. Qh8+ Ka7
27. Qxd4+ b6 28. Qc4 Qxc4 29. Nxc4 Rxc2 30. Ne3 Rxb2 0-1